LDR 00744naa#a2200181#i#450# 001 EN\\bibl\120756 005 20260426135911.7 011 ## _a2687-0185 100 ## _a20250212b2025####ek#y0engy0150####ca 102 ## _aRU 200 1# _aLegal aspects of cybersecurity for minors on the internet _eJournal article 210 1# _aMoscow _cMoscow University of the Ministry of Internal Affairs of Russia named after V.Ya. Kikot _d2025 215 ## _a5 с. 608 ## _aJournal article _2local 675 ## _aУголовное право. Уголовное судопроизводство. Криминология. Криминалистика. 343 _z 700 #1 _aSteparzhevskaya _gAlena Vladimirovna 700 #1 _aZubach _gAnatoliy Vasil'evich 856 4# _amosumvd.editorum.ru _u